000 00512nam a2200181 i 4500
001 31843
003 ES-MaACL
005 20230906154444.0
007 t|
008 030130s1969 sp ||||1| spa d
100 1 _aBecker, Stephen.
_926953
245 1 4 _aLos parias /
_cStephen Becker ; [traductor: Manuel Bartolomé].
250 _a[1ª ed.].
260 _aBarcelona :
_bRumen,
_c[1969]
300 _a298 p. ;
_c20 cm.
700 1 _aBartolomé López, Manuel.
_926171
852 _aES-MaACL
_jC-39510
_bR.69977
999 _c31843
_d31843